000 00711nam a2200217 i 4500
001 13123
003 ES-MaACL
005 20230906150512.0
007 t|
008 971210s1987 sp a |||| | spa d
020 _a84-398-9984-X
080 _a616.72:75
080 _a75:616.72
100 1 _aCastillo-Ojugas, Antonio.
_936759
245 1 3 _aLa reumatología en el arte /
_cpor Antonio Castillo-Ojugas ; y la colaboración técnica de Sonsoles Castillo Aguilar.
260 _a[Madrid] :
_bMédica Internacional,
_cD.L. 1987.
300 _a107 p. :
_bil. col. y n. ;
_c35 cm.
650 1 4 _aEnfermedades-
_xEn el arte.
_9170022
700 1 _aCastillo Aguilar, Sonsoles.
_936724
852 _aES-MaACL
_jL-20416
999 _c13123
_d13123